Sequence of Countries that left the Soviet Union - Statistics

General Stats
  • This quiz has been taken 33 times
  • The average score is 11 of 15
Answer Stats
Date of Seccession Answer % Correct
March 11, 1990 Lithuania
100%
May 4, 1990 Latvia
96%
April 9, 1991 Georgia
83%
October 18, 1991 Azerbaijan
78%
August 20, 1991 Estonia
74%
August 27, 1991 Moldova
74%
August 24, 1991 Ukraine
74%
December 16, 1991 Kazakhstan
70%
August 31, 1991 Kyrgyzstan
70%
December 12,1991 Russia
70%
September 9, 1991 Tajikistan
70%
August 31, 1991 Uzbekistan
70%
December 10,1991 Belarus
65%
October 27, 1991 Turkmenistan
65%
September 21, 1991 Armenia
57%
No matching quizzes found
Score Distribution
Percent of People with Each Score
Percentile by Number Answered
Your Score History
You have not taken this quiz